=LDR 00000nam 2200000 4500 =001 NUTBA000000000005484 =005 20141031095941.0 =006 =007 =008 =035 ##$$a 0010-101400000000714 =040 ##$$a NBPAMAT =082 ##$$a 301.076 =090 ##$$a 301.076 Hep l =100 ##$$a Hepy Sari =245 ##$$a LKS utamaq sosiologi untuk SMA / MA kelas X semester 1$cHepy Saru =250 ##$$a Cet. 1 =260 ##$$a Jakarta$bWidya Utama$c2007 =300 ##$$a 54 hlm$bilus$c29 cm =650 ##$$a Sosiologi-Studi dan Pengajaran =850 ##$$a NBPDMAT =990 ##$$a 21414993 =990 ##$$a 21414992 =990 ##$$a 21414994 =990 ##$$a 21414995 =990 ##$$a 21414997 =990 ##$$a 21414996 =990 ##$$a 21414998 =990 ##$$a 21414992 =990 ##$$a 21414993 =990 ##$$a 21414994 =990 ##$$a 21414995 =990 ##$$a 21414997 =990 ##$$a 21414996 =990 ##$$a 21414998 =990 ##$$a 21414992 =990 ##$$a 21414993 =990 ##$$a 21414994 =990 ##$$a 21414995 =990 ##$$a 21414997 =990 ##$$a 21414996 =990 ##$$a 21414998 =990 ##$$a 21414994 =990 ##$$a 21414992 =990 ##$$a 21414993 =990 ##$$a 21414995 =990 ##$$a 21414997 =990 ##$$a 21414996 =990 ##$$a 21414998 =990 ##$$a 21414995 =990 ##$$a 21414992 =990 ##$$a 21414993 =990 ##$$a 21414994 =990 ##$$a 21414997 =990 ##$$a 21414996 =990 ##$$a 21414998 =990 ##$$a 21414996 =990 ##$$a 21414992 =990 ##$$a 21414993 =990 ##$$a 21414994 =990 ##$$a 21414995 =990 ##$$a 21414997 =990 ##$$a 21414998 =990 ##$$a 21414998 =990 ##$$a 21414992 =990 ##$$a 21414993 =990 ##$$a 21414994 =990 ##$$a 21414995 =990 ##$$a 21414997 =990 ##$$a 21414996